| 000 | 00553nam a2200205Ia 4500 | ||
|---|---|---|---|
| 008 | 180207s9999 xx 000 0 und d | ||
| 020 | _a9789715117937 | ||
| 050 | _bG261 2005 | ||
| 100 | _aGatmaitan, Luis P. | ||
| 245 | _aHa-ha-hatsinggg! / | ||
| 245 | _cby Luis P. Gatmaitan ; illustrated by Redge A. Abos. | ||
| 260 | _aMetro Manila, Philippines : | ||
| 260 | _bOMF Literature Inc., | ||
| 260 | _c2005 | ||
| 300 | _a31 pages : | ||
| 300 | _bcolor illustration ; | ||
| 300 | _c23cm. | ||
| 440 | _aMga kuwento ni Tito Doc ; | ||
| 440 | _v5 | ||
| 999 |
_c355811 _d355811 |
||